000
00262nam a22000977a 4500
999
_c
11794
_d
11794
008
200217b ||||| |||| 00| 0 eng d
020
_a
057006192X
100
_a
McElroy Molly
_9
7476
245
_a
Jesus Forgives Peter
260
_a
USA
_b
Concordia Publishing House
_c
1985